Stolice regionów Francji - Statystyki

Ogólne statystyki
  • Ten quiz został rozwiązany 1 608 razy
  • Średni wynik to 9 z 18
Odpowiedzi na mapie
Odpowiedzi zakodowano w zielono-czerwonej skali na mapie do tego quizu, zgodnie z poniższymi procentami.
 
Statystyki odpowiedzi
Region Ludność Stolica % Poprawnych
Île-de-France 2 229 621 Paryż
100%
Prowansja-Alpy- Lazurowe Wybrzeże 855 393 Marsylia
95%
Owernia-Rodan-Alpy 500 715 Lyon
90%
Nowa Akwitania 243 626 Bordeaux
81%
Grand Est 275 718 Strasburg
75%
Hauts-de-France 231 491 Lille
72%
Oksytania 458 298 Tuluza
64%
Kraje Loary 292 718 Nantes
59%
Bretania 211 373 Rennes
49%
Korsyka 67 507 Ajaccio
48%
Burgundia-Franche-Comté 153 003 Dijon
37%
Region Centralny 114 375 Orlean
30%
Normandia 110 755 Rouen
23%
Gujana Francuska 55 198 Kajenna
20%
Réunion 145 238 Saint-Denis
14%
Martynika 85 295 Fort-de-France
10%
Gwadelupa 11 395 Basse-Terre
9%
Majotta 57 281 Mamoudzou
8%
Nie znaleziono quizów pasujących do podanych kryteriów
Rozkład punktacji
Procent ludzi z każdym wynikiem
Percentyl według liczby udzielonych odpowiedzi
Twoja historia wyników
Nie rozwiązałeś tego quizu